000
00303nam a2200109Ia 4500
008
190906s9999||||xx |||||||||||||| ||und||
100
_a
Kenneth P. Jameson
245
4
_a
The Political Economy of Development and Under-Development
260
_a
New york
_b
Prentice Hall
_c
1992
300
_a
656
942
_c
BK
999
_c
6069
_d
6069